ELEMENTARY ENGINEERING DRAWING (Record no. 579502)
[ view plain ]
| 000 -LEADER | |
|---|---|
| fixed length control field | 00239nam a22001097a 4500 |
| 082 ## - DEWEY DECIMAL CLASSIFICATION NUMBER | |
| Classification number | 604.2 BAA |
| 100 ## - MAIN ENTRY--PERSONAL NAME | |
| Personal name | BHATT N.D |
| 9 (RLIN) | 10018 |
| 245 ## - TITLE STATEMENT | |
| Title | ELEMENTARY ENGINEERING DRAWING |
| 260 ## - PUBLICATION, DISTRIBUTION, ETC. | |
| Place of publication, distribution, etc. | NEW YORK |
| Name of publisher, distributor, etc. | |
| Date of publication, distribution, etc. | 1984 |
| 300 ## - PHYSICAL DESCRIPTION | |
| Extent | 565P |
| 942 ## - ADDED ENTRY ELEMENTS (KOHA) | |
| Koha item type | Book |
| Withdrawn status | Lost status | Source of classification or shelving scheme | Damaged status | Not for loan | Permanent Location | Current Location | Shelving location | Date acquired | Total Checkouts | Full call number | Barcode | Date last seen | Price effective from | Koha item type | Public note |
|---|---|---|---|---|---|---|---|---|---|---|---|---|---|---|---|
| College of Electrical & Mechanical Engineering (CEME) | College of Electrical & Mechanical Engineering (CEME) | General Stacks | 04/21/2017 | 1 | 604.2 BAA | CEME-15963 | 06/28/2021 | 06/28/2021 | Book | 3.8 | |||||
| College of Electrical & Mechanical Engineering (CEME) | College of Electrical & Mechanical Engineering (CEME) | General Stacks | 12/22/2025 | 604.2 BAA | CEME-15952 | 12/22/2025 | 12/22/2025 | Book | 3.8 |
